Classement La Liga 2022-2023 - Statistiques

Statistiques générales
  • Ce quiz a été pris 155 fois
  • Le résultat moyen est 12 sur 20
Statistiques - réponses
Classement Point Club % Correct
2 78 Real Madrid
100%
1 88 FC Barcelone
99%
3 77 Atlético de Madrid
89%
12 49 FC Séville
89%
4 71 Real Sociedad
80%
16 42 Valence CF
78%
5 64 Villarreal
71%
8 51 Athletic Bilbao
61%
6 60 Real Betis Balompié
61%
10 49 Gérone
59%
15 42 Getafe
54%
14 42 Cadix CF
51%
9 50 Majorque
50%
13 43 Celta Vigo
49%
7 53 CA Osasuna
47%
19 37 Espanyol de Barcelone
41%
11 49 Rayo Vallecano
41%
20 25 Elche
37%
17 41 Almeria
34%
18 40 Real Valladolid
27%
Aucun quiz correspondant
Distribution des résultats
% des personnes avec chaque résultat
Percentile par nombre de réponses
Votre historique - résultats
Vous n’avez pas pris ce quiz